Jak se rozhodujeme?

Na minha lista:
Detalhes bibliográficos
Autor principal: Lehrer, Jonah
Formato: Livro
Idioma:tcheco
Publicado em: Praha Dokořán 2010
Assuntos:
Tags: Adicionar Tag
Sem tags, seja o primeiro a adicionar uma tag!

MARC

LEADER 00000nam a2200000 4500
001 0121176
005 20240313085922.9
020 |a 978-80-7363-281-6 
041 0 |a cze 
044 |a CZ 
245 1 0 |a Jak se rozhodujeme?  |c Jonah Lehrer 
264 1 |a Praha  |b Dokořán  |c 2010 
300 |a 327 s. 
610 2 0 |a rozhodovanie 
610 2 0 |a psychológia 
610 2 0 |a psychológia riadenia 
610 2 0 |a rozhodovanie manažérske 
610 2 0 |a procesy rozhodovacie 
100 1 |a Lehrer, Jonah